00537nam a2200169Ia 450000500170000000800410001702000150005808200130007310000180008624500230010426000400012730000130016750000680018094200060024895200980025499900150035220250324021142.0240331s9999 xx 000 0 und d a9559001094 bWEEa891 aWeerasinghe,S 0aWelendage maranaya aVeyangodabParaba Publicationc1991 a170 p ., aStory Based on a who strived to reach his goals and education cL 001040708LaWERCLbWERCLcSSCd2024-03-31l0o 891.48 WEEp1287r2024-03-31w2024-03-31yL c5370d5370